Bjulleten' inostrannoj kommerčeskoj informacii priloženije

Saved in:
Bibliographic Details
Format: Serial
Language:Russian
Published: Moskva Vsesoj. nauč.-issled. kon'junkt. institut 1981
Tags: Add Tag
No Tags, Be the first to tag this record!

MARC

LEADER 00000nas2a22000001 4500
001 s123212
005 20250730114216.3
041 0 |a rus 
044 |a RU 
245 1 0 |a Bjulleten' inostrannoj kommerčeskoj informacii  |b priloženije 
264 1 |a Moskva  |b Vsesoj. nauč.-issled. kon'junkt. institut  |c 1981 
300 |a 2 zv. 
773 0 |w eu_un_cat*s120565